Score 0/14 Timer 04:00
0 Plays Today
Scrambled Word Synonym for Pretty % Correct
YELLOVLOVELY
95.2%
LUBEFATIUBEAUTIFUL
92.3%
SEGUROOGGORGEOUS
81.8%
GNUNNITSSTUNNING
80.7%
LYCMOECOMELY
64.3%
SHAVGIRNIRAVISHING
61.1%
GAPELINPAAPPEALING
54.9%
Scrambled Word Synonym for Pretty % Correct
NIGHTCEFFETCHING
48.1%
NOCTKOKUKNOCKOUT
47.5%
SLAPGINEPLEASING
47.3%
CARTVITEATATTRACTIVE
32.4%
MENDSHOAHANDSOME
31.9%
LISTHYGSIGHTLY
27.7%
TOONCIPGEHPHOTOGENIC
10.4%

You're not logged in!

Compare scores with friends on all Sporcle quizzes.
OR
Log In

Sporcle TV

Today on Sporcle TV


Watch our educational content, quiz creation guides, and fun videos on Sporcle TV.

Show Comments

Extras

Top Quizzes Today


Score Distribution

Paid Content

Your Account Isn't Verified!

In order to create a playlist on Sporcle, you need to verify the email address you used during registration. Go to your Sporcle Settings to finish the process.

Report this User

Report this user for behavior that violates our Community Guidelines.

Details: